[Event "Treppenturnier 2023"]
[Site "Turnierstufe"]
[Date "2024.12.07"]
[Round "52-2"]
[White "Berlin Pro"]
[Black "Reflection II max Diablo sel. 5"]
[Result "1-0"]
[WhiteElo "2249"]
[BlackElo "2253"]
[PlyCount "83"]

1.d4 Nf6 2.c4 e6 3.Nf3 b6 4.a3 Bb7 5.Nc3 d5 6.cxd5 Nxd5 7.Qc2 Nxc3 8.bxc3 
{Buchende.} 8...Qd5 {Buchende.} 9.c4 Qh5 10.Ne5 Nd7 ( 10...Bd6 {.} ) 11.Nxd7 
Kxd7 12.e4 Qg6 13.f3 Bd6 {Diablo hat zwar keine Rochade mehr, aber das lässt
sich in dieser Stellung verschmerzen.} 14.Qf2 Rad8 15.c5 Be7 16.cxb6 axb6 
17.Bf4 Kc8 18.Rc1 Bd6 19.Qe3 f5 $2 {Ein positioneller Fehler.} ( 19...f6 {um e5
unter Kontrolle zu behalten.} ) 20.e5 {Logisch.} 20...Be7 21.Qc3 c6 22.Rb1 Kc7 
23.a4 Bg5 24.Bg3 Rd7 {(-01.29) Mephisto hat die schwarze Stellung stetig
,massiert' - nun fällt Material.} 25.a5 {(+1.57)} 25...Rhd8 26.axb6+ Kc8 27.Bf2 
Qh6 28.Bc4 Bh4 29.g3 Bg5 30.O-O f4 {Der Angriff auf den weißen König bringt
nichts mehr, denn der steht sicher. Der schwarze Kollege hat hingegen ein
Problem mit Mattdrohungen. Eigentlich kann Diablo bereits aufgeben.} 31.g4 Re7 
{(-03.48)} 32.Ra1 {(+2.63)} 32...Kb8 {Falsche Richtung.} 33.Ba6 Ba8 ( 33...Ba8 
34.Bc8 {HIARCS 15.3.1 sagt Matt in13:} 34...Qg6 35.Rxa8+ Kxa8 36.Qxc6+ Kb8 
37.Ra1 Qb1+ 38.Rxb1 Rxc8 39.Qa4 Rb7 40.Ra1 Rc1+ 41.Rxc1 Bd8 42.Qc6 Bxb6 43.Qc8+ 
Ka7 44.Ra1+ Ba5 45.Rxa5+ Kb6 46.Qc5# ) 34.Qa3 c5 35.Bb5 Bd5 36.dxc5 
{Mattankündigung.} 36...Bh4 {Diablo gibt auf.} 37.c6 Bxf2+ 38.Rxf2 Bxc6 39.Bxc6 
Rd1+ 40.Rxd1 Qxh2+ 41.Rxh2 g6 42.Rd8# 1-0

[Event "Treppenturnier 2023"]
[Site "Turnierstufe"]
[Date "2024.12.09"]
[Round "52-3"]
[White "Reflection II max Diablo sel. 5"]
[Black "Berlin Pro "]
[Result "1/2-1/2"]
[WhiteElo "2243"]
[BlackElo "2259"]
[PlyCount "117"]

1.c4 e5 2.Nc3 Nf6 3.Nf3 Nc6 4.d4 exd4 5.Nxd4 Bb4 6.g3 Ne5 7.Qb3 Bxc3+ 8.Qxc3 
{Buchende.} 8...d5 {Buchende.} 9.Nb5 d4 $6 ( 9...Ng6 {ist besser.} ) 10.Qxd4 
Qxd4 11.Nxd4 Nxc4 12.Nb5 ( {Oder} 12.e4 {.} ) 12...O-O 13.b3 Nb6 14.Nxc7 Rb8 
15.Ba3 {(+02.02) Da hat sich der Mephisto überrumpeln lassen.} 15...Rd8 
{(-1.63)} 16.Be7 Rd7 17.Bxf6 gxf6 18.Nb5 a6 19.Nc3 Re7 20.Bg2 Bg4 21.Rd1 Rbe8 
22.Rd2 Rc8 23.Nd1 Rc1 24.O-O Be6 25.Ne3 Rec7 26.Rxc1 Rxc1+ 27.Rd1 Rxd1+ 28.Nxd1 
Nd5 29.Bxd5 Bxd5 30.Ne3 Be4 31.f3 Bb1 32.a3 Ba2 33.b4 Be6 34.Kf2 ( {Der bessere
Weg ist wohl:} 34.g4 {und z.B.} 34...b6 35.Kf2 Kf8 36.Nf5 Ke8 ( 36...Bxf5 
37.gxf5 Ke8 38.Ke3 Ke7 39.f4 Kd6 40.Kd4 {...} ) 37.e4 Kd7 38.Ke3 {...} ) 
34...Kf8 35.Ke1 Ke7 36.Kd2 Kd6 37.Kd3 f5 38.Nc4+ Kc6 39.Kd4 b6 40.e3 f6 {Diablo
muss erst mal zeigen, dass er das gewinnen kann.} 41.Nd2 Kb5 42.Kc3 Ka4 43.Kb2 
h5 44.h4 a5 45.bxa5 bxa5 46.Nb1 {Hofft Diablo, dass der Gegner das einzügige
Matt nicht sieht? :-)} 46...Kb5 47.Nc3+ Kc4 {Es riecht nach Remis.} 48.Kc2 Bd7 
49.Ne2 Ba4+ 50.Kc1 Be8 51.Kd2 {Wenn das mal gut geht für Weiß.} 51...Kb3 
52.Nd4+ Kxa3 53.Kc3 Bd7 54.Nc2+ Ka2 55.f4 Be6 56.Nd4 Bd7 57.Nc2 Bc6 58.Nd4 Bd7 
59.Nc2 {Remis 3x.} ( 59.Nc2 a4 $1 {Hiarcs sagt, das Schwarz gewinnt, z.B. so:} 
60.Kb4 Kb2 61.Na3 Bc6 62.Nc4+ Kc2 63.Nd6 Bd7 64.Nb7 Kd2 65.Nc5 Bc6 66.Ne6 Kxe3 
67.Ng7 Bf3 68.Kxa4 Kf2 69.Kb4 Kxg3 70.Nxf5+ Kxf4 71.Nd6 Kg4 72.Kc5 Kxh4 {... zu
schwierig für unsere Oldies.} ) 1/2-1/2

[Event "Treppenturnier 2023"]
[Site "Turnierstufe"]
[Date "2024.12.11"]
[Round "52-4"]
[White "Berlin Pro"]
[Black "Reflection II max Diablo sel. 5"]
[Result "1-0"]
[WhiteElo "2259"]
[BlackElo "2243"]
[PlyCount "116"]

1.c4 Nf6 2.Nc3 e5 3.Nf3 e4 4.Ng5 b5 {Das Bellon-Gambit, mit dem Ziel, ein
starkes schwarzes Bauernzentrum aufzubauen ...} 5.d3 {... und dieser Zug
verhindert das sogleich.} ( 5.cxb5 d5 {...} ) 5...exd3 {Buchende.} 6.cxb5 h6 
7.Nf3 dxe2 8.Bxe2 Bc5 9.O-O {Buchende.} 9...O-O 10.Bf4 d6 11.Na4 Bb6 12.Bc4 Bb7 
13.Nxb6 axb6 14.Re1 Nbd7 15.Nd4 Re8 16.Nc6 Rxe1+ 17.Qxe1 Qe8 18.Qxe8+ Rxe8 
19.Rc1 g5 20.Be3 Kg7 21.Bd4 h5 22.Bf1 Nc5 23.g3 Bxc6 $6 24.bxc6 {Diablo sollte
diesen Bauern möglichst schnell unschädlich machen.} 24...Ra8 25.Bc4 Ne6 26.Bc3 
Kg6 27.Bd3+ Kg7 28.a3 Nc5 29.Bf5 Re8 30.f3 Na4 31.Bd4 Nc5 32.Rc4 Re2 33.Rc2 
Rxc2 34.Bxc2 Ne6 35.Bc3 Nf8 36.Kf2 Ng6 37.b4 Ne7 38.b5 Nd5 39.Bd2 {Das
Läuferpaar ist mächtig und der c-Bauer inzwischen ein Riese. Eigentlich ist die
Partie für Mephisto gewonnen - er muss es nur noch beweisen.} 39...g4 40.a4 Ne7 
{(-00.16)} 41.a5 $1 {Klar. Weiß setzt den Hebel an. (+1.18)} 41...bxa5 42.Bxa5 
Ne8 43.b6 cxb6 44.Bxb6 Nd5 {(-00.80)} 45.Ba5 {(+1.63)} 45...gxf3 46.Be4 Ndc7 
47.Bc3+ Kh6 48.h3 d5 49.Bxf3 Kg5 50.h4+ Kg6 51.Ke3 Nb5 {(-01.08)} 52.Ba5 
{(+2.12)} 52...Nec7 53.Bxc7 Nxc7 54.Kd4 Kf6 55.Bxd5 Ke7 56.Kc5 Nxd5 {(-01.93)} 
57.Kxd5 {(+7.51)} ( 57.Kxd5 Kd8 {HIARCS : Matt in 18.} 58.Ke4 Kc7 59.g4 hxg4 
60.h5 Kxc6 61.h6 g3 62.Kf3 g2 63.Kxg2 Kd5 64.h7 Ke4 65.h8=Q Kd5 66.Kf3 Kc5 
67.Ke4 f5+ 68.Kxf5 Kc4 69.Qd8 Kb4 70.Ke4 Kb5 71.Kd4 Kc6 72.Kc4 Kb7 73.Kc5 Ka7 
74.Kc6 Ka6 75.Qb6# ) 57...f6 {(-08.23)} 58.Ke4 Kd6 {(Resign - You win) Aufgabe.} 1-0

[Event "Treppenturnier 2023"]
[Site "Turnierstufe"]
[Date "2024.12.18"]
[Round "53-1"]
[White "Reflection II max Montreux"]
[Black "Berlin Pro"]
[Result "0-1"]
[WhiteElo "2260"]
[BlackElo "2269"]
[PlyCount "123"]

1.e4 Nf6 2.e5 Nd5 3.d4 d6 4.c4 Nb6 5.f4 dxe5 6.fxe5 Nc6 7.Be3 Bf5 8.Nc3 e6 
9.Nf3 Qd7 10.Be2 Rd8 11.O-O {Buchende.} 11...Bg4 12.c5 Nd5 13.Nxd5 Qxd5 14.Ng5 
Bxe2 15.Qxe2 Rd7 16.Qf2 Nd8 {Buchende, mit enormem Druck auf das weiße Zentrum.} 
17.Nf3 Nc6 18.Kh1 Be7 19.Qg3 g6 20.b3 f5 21.Rad1 O-O 22.Bh6 Rfd8 23.Rd2 Qe4 
24.Ng5 $6 ( 24.Re1 {mit Schadensbegrenzung.} ) 24...Bxg5 25.Bxg5 Rxd4 26.Re1 ( 
{Auch nicht besser ist:} 26.Bxd8 {und z.B.} 26...Rxd2 27.Bxc7 Rxa2 28.h3 Rd2 
29.Qg5 Rd7 30.Bd6 Nxe5 {...} ) 26...Qg4 27.Qxg4 fxg4 28.Rf2 Rf8 29.Rf6 Rd5 
30.Rxe6 Rf5 31.Be3 Nxe5 ( 31...Nb4 {ist stärker.} 32.c6 ( 32.Bg1 Nd3 33.Rb1 
Rfxe5 34.Rxe5 Rxe5 {...} ) 32...Nxc6 33.Re8+ Rf8 34.Re6 Nxe5 {...} ) 32.Re8+ 
Rf8 33.Rxf8+ Kxf8 34.Rf1+ Ke7 35.Kg1 Nd3 36.c6 bxc6 37.Bxa7 Ra5 38.Be3 Rxa2 
39.Rd1 Ne5 40.Bf4 Ra5 41.b4 Rb5 42.Re1 Ke6 43.Kf2 g5 44.Bxe5 Rxe5 
{Turmendspiel! Ohne Kommentar.} 45.Rc1 Kd6 46.Kg3 c5 47.b5 Kd5 48.Rd1+ Kc4 
49.Rd7 h5 50.Rxc7 Kxb5 51.Kf2 c4 52.g3 Rc5 53.Rb7+ Kc6 54.Rb2 c3 55.Rc2 Kb5 
56.Ke2 Kc4 57.Rc1 Kb3 58.Ke3 Kb2 59.Rf1 c2 60.Kd4 c1=Q 61.Rxc1 Rxc1 62.Ke5 
{(ich gebe auf)} ( 62.Ke5 Rf1 {Matt in 13:} 63.Ke6 Rf2 64.Kd7 Rxh2 65.Kc6 h4 
66.gxh4 gxh4 67.Kc5 g3 68.Kd4 g2 69.Ke5 g1=Q 70.Kf5 Rf2+ 71.Ke6 Qg6+ 72.Kd5 Kc3 
73.Ke5 Rf5+ 74.Ke4 Qe6# ) 0-1

[Event "Treppenturnier 2023"]
[Site "Turnierstufe"]
[Date "2024.12.20"]
[Round "53-2"]
[White "Berlin Pro "]
[Black "Reflection II max Montreux"]
[Result "1-0"]
[WhiteElo "2279"]
[BlackElo "2250"]
[PlyCount "128"]

1.e4 e5 2.Nf3 f5 3.Nxe5 Qf6 4.d4 d6 5.Nc4 fxe4 6.Be2 Qd8 7.O-O Nf6 8.Bg5 Be7 
9.Ne3 c6 10.c4 O-O 11.Nc3 Nbd7 12.Qc2 Re8 13.Rad1 Qa5 14.Bxf6 Nxf6 15.Nxe4 Nxe4 
16.Qxe4 {Buchende.} 16...Bd7 $14 {Buchende. Beide kennen das Lettische Gambit
bis hierher. Eine Kompensation für den geopferten schwarzen Bauern ist nicht zu
sehen, also leichter Vorteil für Berlin Pro. Nun müssen sie rechnen.} 17.Bd3 
Qh5 18.Nf5 Bg5 19.Ng3 Qh6 20.Qf3 Rf8 21.Qe2 Rae8 22.Qc2 Bf4 23.Rde1 Be6 24.Re2 
Bxg3 25.hxg3 Bd7 26.Rxe8 Rxe8 27.Qb3 Bc8 28.Qa4 Qd2 29.Qd1 Qxd1 30.Rxd1 {Berlin
Pro hat überhaupt keine Probleme, das offensive Spiel des Gegners zu
entschärfen.} 30...g6 31.f3 Bf5 $6 32.Bxf5 gxf5 {Es geht erneut in ein
Turmendspiel!} 33.Kf2 d5 34.cxd5 cxd5 35.Rc1 $1 {Gut.} 35...Re7 36.Rc5 Rd7 
37.Ke3 Kf7 38.Kf4 Kg6 39.b4 h6 40.a3 Kf6 41.Rc8 Rd6 42.Rf8+ Ke6 43.Rh8 Kf7 
44.Kxf5 Ra6 45.g4 b5 46.Rb8 Rxa3 47.Rxb5 Ra6 48.Ra5 Rf6+ 49.Ke5 a6 50.Kxd5 Ke7 
51.Kc5 Kd7 52.d5 Kc7 53.Ra3 Rb6 54.Re3 Rb5+ 55.Kc4 Rb8 56.Re6 Ra8 57.Kc5 Kd7 
58.Rxh6 Rc8+ 59.Rc6 Ra8 60.d6 Ke6 {Berlin Pro spielt das souverän herunter. Rest
der Partie in je 1 Stunde.} 61.f4 Rg8 62.g5 Rd8 63.d7+ Ke7 {(-8.32)} 64.Rd6 
{(+9.09)} 64...Kf8 {(Ich gebe auf)} 1-0

[Event "Treppenturnier 2023"]
[Site "Turnierstufe"]
[Date "2024.12.30"]
[Round "53-3"]
[White "Reflection II max Montreux"]
[Black "Berlin Pro "]
[Result "1/2-1/2"]
[WhiteElo "2241"]
[BlackElo "2288"]
[PlyCount "237"]

1.e4 e5 2.f4 exf4 3.Nf3 d6 {Fischers Verteidigungszug.} 4.Bc4 Be6 5.Bxe6 fxe6 
6.d4 Qf6 {Buchende.} 7.e5 {Buchende - und es ist das Turnierbuch.} 7...Qf5 
8.O-O g5 $1 {Und schon wird's eng für Weiß.} 9.Nc3 Nc6 10.exd6 Bxd6 11.Qe2 
O-O-O 12.Ne4 g4 13.Nh4 Nxd4 {(+1.24)} 14.Qd3 {(-1.39)} 14...Qd5 15.Nxd6+ Qxd6 
16.Bxf4 Qc5 17.Qe3 Nf6 18.c3 Ne2+ 19.Kh1 Qxe3 20.Bxe3 Rd3 21.Bh6 Ne4 $10 
{Ausgleich. Schwarz findet keinen wirklich sicheren Stall für seine Pferde...} 
22.Rae1 N4g3+ {... also gibt er eines ...} 23.hxg3 Nxg3+ 24.Kg1 Nxf1 {... für
die Qualität und einen weiteren Bauern und Remis-Aussichten.} 25.Kxf1 Re8 
26.Nf5 Rd5 27.Ng3 Ra5 28.a3 Rb5 29.b4 Rd5 30.Kf2 a5 31.Ne4 Rh5 32.Bd2 axb4 
33.axb4 Rf5+ 34.Kg3 {Beide sagen (0.00).} 34...b6 35.Bh6 Rg8 36.Nf2 Rg6 37.Nxg4 
Kd7 38.Kh4 b5 39.g3 Rd5 40.Bf4 Kc8 41.Rc1 Kb7 42.c4 bxc4 43.Rxc4 Rg7 44.Ne5 Kb6 
45.g4 Kb5 46.Rc1 Ka4 47.Nc6 Kb5 48.Rc3 Rf7 49.Kg3 h5 50.g5 Rd1 $6 {Fragwürdig,
nun wird der Druck auf die schwarzen Bauern immer stärker und sie werden
nacheinander fallen.} ( {Nur mittels des Turmopfers} 50...Rxf4 51.Kxf4 Rf5+ 
52.Ke4 Rxg5 53.Ne5 Kxb4 54.Rxc7 {... kann Schwarz noch auf Remis hoffen.} ) 
51.Be3 {Montreux ist in dieser schwierigen rechenintensiven Stellung in seinem
Element.} 51...Rg7 52.Rc5+ Ka4 53.Ra5+ Kb3 54.Re5 Kc4 55.Rc5+ Kd3 56.Bd4 Rg8 
57.Bf6 Rf1 58.Ne7 Rb8 59.b5 Rg1+ 60.Kh3 Rf1 {Rest in je 1 Stunde.} 61.Be5 Re8 
62.Rxc7 Ke4 63.Bf6 Ra8 {(-1.96)} 64.Rc4+ {(+3.76)} 64...Kd3 65.Rd4+ Ke3 66.Rb4 
Ra2 67.Rb3+ Kf4 68.Kh4 Rh2+ 69.Rh3 Rfh1 $2 {Nun geht's wohl schneller bergab.} 
70.Ng6+ Ke4 71.Rxh2 Rxh2+ 72.Kg3 Rh1 73.Ne7 Rg1+ 74.Kf2 Rb1 75.g6 Rxb5 76.Kg3 
Rb3+ 77.Kh4 Rb1 78.g7 Rg1 79.Kxh5 Rxg7 80.Bxg7 Kf4 81.Bb2 Ke4 82.Kg6 Kd3 83.Kf6 
Kc2 84.Be5 Kd3 85.Kxe6 {Theoretisches Endspiel in der Praxis:} 85...Ke2 86.Kd5 
Ke3 87.Nf5+ Kf3 88.Kd4 Ke2 89.Bh2 Kf3 90.Ne3 Ke2 91.Bg1 Ke1 92.Kd5 Ke2 93.Ke4 
Ke1 94.Kf3 {Treibt er ihn Richtung a1?} 94...Kd2 95.Nc4+ Kc3 96.Nd6 Kd3 97.Be3 
Kc3 98.Ke2 Kb4 99.Kd2 $2 {Lässt ihn entkommen.} ( {So geht's bekanntlich:} 
99.Bb6 Kc3 100.Ke3 Kb3 101.Ba5 Kc2 102.Nb7 Kb3 103.Kd3 Ka4 104.Kc4 Ka3 105.Bc3 
Ka2 106.Kd3 Ka3 107.Nc5 Ka2 108.Kc2 Ka3 109.Be1 Ka2 110.Bb4 Ka1 111.Nb3+ Ka2 
112.Nc1+ Ka1 113.Bc3# ) 99...Ka5 100.Kc3 Ka6 101.Bf2 Ka5 102.Bc5 Ka6 103.Kd4 
Ka5 104.Kd5 Ka6 105.Kc6 Ka5 106.Ne4 Ka4 107.Kd5 $2 ( 107.Kb6 ) 107...Ka5 
108.Kc4 Ka6 109.Nd6 Ka5 110.Kd4 Ka6 111.Kd5 Ka5 112.Kc4 Ka6 113.Bd4 Ka5 114.Kb3 
Ka6 115.Kc2 Ka5 116.Kc3 Ka6 {Berlin Pro weiß offensichtlich, wohin er nicht
gehen darf...} 117.Bc5 Ka5 118.Kd3 Ka6 119.Ke4 {... und Montreux hat keine
Ahnung. Das ist innerhalb der 50-Züge-Regel nicht mehr zu gewinnen, also Abbruch
- Remis!} 1/2-1/2

[Event "Treppenturnier 2023-2025"]
[Site "Turnierstufe"]
[Date "2025.01.01"]
[Round "53-4"]
[White "Berlin Pro "]
[Black "Reflection II max Montreux"]
[Result "1-0"]
[WhiteElo "2287"]
[BlackElo "2242"]
[PlyCount "125"]

1.e4 e5 2.Nf3 Nc6 3.Bb5 Bc5 4.c3 f5 {Schliemann-Verteidigung bzw. Cordel-Gambit.
Montreux mag's halt scharf.} 5.d4 fxe4 6.dxc5 exf3 7.Qxf3 Nf6 {Buchende.} 8.O-O 
{Buchende.} 8...O-O 9.Bc4+ Kh8 10.Be3 d5 11.cxd6 cxd6 12.h3 Ng4 13.Qd5 Nxe3 
14.fxe3 Rxf1+ 15.Kxf1 Ne7 16.Qf3 d5 17.Bb3 Bf5 18.Nd2 Qb6 19.Kg1 Rd8 20.Rf1 Qg6 
21.Kh1 b6 22.c4 e4 $6 {Die schwarze Grundlinie ist schlecht geschützt. Nun geht
Holz verloren.} ( {Doch besser:} 22...d4 23.exd4 exd4 $10 ) 23.Qf4 dxc4 24.Nxc4 
Qf6 25.Qc7 {Nun ist guter Rat teuer für Montreux.} 25...Nd5 26.Qxa7 ( {Stark,
aber für die Beiden kaum zu errechnen:} 26.Qe5 Qxe5 ( 26...g6 27.Qxf6+ Nxf6 
28.g4 {...} ) ( 26...Ne7 27.Qh2 $1 Ng6 28.g4 Nh4 29.Ne5 Nf3 30.Nxf3 exf3 
31.gxf5 Qxf5 32.Bc2 {...} ) 27.Nxe5 Be6 28.Bxd5 Bxd5 29.Rd1 Rd6 30.Nf7+ Bxf7 
31.Rxd6 {...} ) 26...Rd7 27.Qxd7 {Siehe Kommentar zum 22. Zug.} 27...Bxd7 
28.Rxf6 gxf6 29.Ne5 Be6 30.Nd7 Bxd7 31.Bxd5 {Ob Montreux noch ein remis erzielen
kann? Eher nicht.} 31...f5 32.Kh2 Kg7 33.Kg3 Kf6 34.Kf4 h5 35.Bc4 h4 36.g3 hxg3 
37.Kxg3 Ke5 38.h4 Kf6 39.Kf4 b5 40.Be2 Bc6 41.a3 Bd7 42.h5 Bc6 {Schwarz gehen
die Züge aus.} 43.Bf1 Be8 44.b3 Bxh5 45.Bxb5 Ke6 46.Bc4+ Kd6 47.Kxf5 {Das war's
...} 47...Bf3 48.b4 Bg2 49.a4 Bh1 50.a5 Bg2 51.Kf4 Kc7 {Hiarcs 15.3.1 sagt
bereits Matt in 16.} 52.b5 Kb8 {Matt in 13.} 53.b6 Kb7 {...in 10.} 54.Ke5 Bh3 
55.Bd5+ Ka6 {"Ich gebe auf." Gönnen wir Berlin Pro das Matt:} 56.b7 Ka7 57.Kd6 
Kb8 58.a6 {Mattankündigung.} 58...Bf1 59.a7+ Kxa7 60.Kc7 Ka6 61.b8=Q Ka5 62.Bc6 
Bg2 63.Qb5# 1-0

[Event "Treppenturnier 2023-2025"]
[Site "Turnierstufe"]
[Date "2025.01.03"]
[Round "54-1"]
[White "Berlin Pro "]
[Black "Reflection II max Almeria"]
[Result "0-1"]
[WhiteElo "2296"]
[BlackElo "2300"]
[PlyCount "157"]

1.d4 d5 2.c4 dxc4 3.Nf3 Nf6 4.e3 Bg4 5.Bxc4 e6 6.h3 Bh5 {Buchende.} 7.O-O 
{Buchende.} 7...c5 8.Qa4+ Nbd7 9.Nbd2 cxd4 10.Nxd4 Bd6 11.Qb3 Qb8 12.N2f3 O-O 
13.Bd2 Nc5 14.Qb5 Nce4 15.Bb4 a6 $10 {Alles im Lot.} 16.Qa5 Rc8 17.Bd3 Nc5 
18.Rad1 $6 {Nun wird's etwas eng für Weiß am Damenflügel.} ( {Es ist bereits
schwierig, gute Züge zu finden. Vielleicht:} 18.Qa3 b6 19.Be2 Nd5 20.Rac1 Bg6 
21.Bd2 {...} ) 18...b6 19.Qa3 Nd5 20.Be2 a5 21.Be1 Bg6 22.Nb5 Be7 23.Nc3 Ne4 
{Berlin Pro kann kaum Luft holen.} 24.Qb3 Ndxc3 ( {Oder:} 24...a4 25.Qb5 Nexc3 
26.bxc3 Nxc3 27.Bxc3 Rxc3 {...} ) 25.bxc3 a4 26.Qb5 Rc5 27.Qb4 Qc7 {(+0.84) Und
der schwarze Druck wird immer größer.} 28.Rc1 {(-1.03)} 28...Rd5 29.Qb2 a3 
30.Qb3 Nc5 31.Qc4 b5 32.Qg4 ( 32.Qxb5 $2 Nd3 33.Bxd3 Bxd3 34.Qb3 Rb5 35.Qd1 
Bxf1 36.Kxf1 Qc4+ 37.Qe2 Qxe2+ 38.Kxe2 Rb2+ 39.Kf1 Rxa2 {...} ) 32...Nd3 33.Rd1 
Bf5 ( 33...h5 34.Qg3 Qxg3 35.fxg3 Rc8 {... ist stärker.} ) 34.Qg3 Bd6 35.Qh4 
Ra4 36.Nd4 Nb2 37.Ra1 Nc4 38.Bf3 Rc5 39.e4 Bg6 40.Bd1 Be7 41.Qg4 Bh5 42.Qxh5 
Rxh5 43.Bxh5 {Nun endlich springt etwas Zählbares heraus.} 43...e5 44.Nf5 Nb2 
45.Be2 Bg5 46.Bxb5 Rxe4 47.Ng3 Rh4 48.Be2 g6 49.f3 Be3+ 50.Kh2 Bf4 51.Kh1 Qc8 
52.Nf5 $2 {(-1.60)} ( 52.Kh2 {.} ) 52...Rxh3+ $1 {(+1.84)} 53.gxh3 Qxf5 54.Kg2 
Qc2 55.Rf2 Be3 56.Bd1 Qd3 ( {Noch besser:} 56...Qf5 {und z.B.} 57.Be2 Bxf2 
58.Bxf2 Na4 59.c4 Nc3 60.Re1 Qc2 61.Bf1 Qxa2 {...} ) 57.Be2 Qf5 58.Rf1 Qc2 
59.Bf2 Bxf2 60.Rxf2 Qxc3 {Rest in je 1 Stunde.} 61.Rg1 Qe3 62.Rgf1 Kg7 63.Rg1 
f6 64.Rb1 e4 65.f4 Qc5 66.Ra1 Qc3 67.Rg1 Qd2 68.Bg4 Qd5 69.Rc2 Nd3 70.Rf1 h5 
71.Bc8 Nxf4+ 72.Kh2 e3 73.Rc7+ Kh6 74.Rxf4 e2 75.Re7 Qxa2 76.Kg3 Qd2 77.Rxf6 
e1=Q+ 78.Rxe1 Qxe1+ 79.Kg2 {(AUFGB)} ( 79.Kg2 Qe4+ {Matt in 12:} 80.Kf1 Qc4+ 
81.Kg2 Qd5+ 82.Kf1 Qb5+ 83.Ke1 Qe5+ 84.Kd1 Qxf6 85.Be6 Qxe6 86.Kc2 a2 87.Kb2 
Qc4 88.h4 Kg7 89.Ka1 Qa4 90.Kb2 a1=Q# ) 0-1

[Event "Treppenturnier 2023-2025"]
[Site "Turnierstufe"]
[Date "2025.01.06"]
[Round "54-2"]
[White "Reflection II max Almeria"]
[Black "Berlin Pro "]
[Result "1-0"]
[WhiteElo "2310"]
[BlackElo "2286"]
[PlyCount "111"]

1.e4 c5 2.Nf3 d6 3.Bc4 Nf6 4.c3 {Buchende.} 4...Nc6 {Buchende.} 5.d3 a6 6.O-O 
Bg4 7.h3 Bh5 8.Bf4 b5 9.Bb3 e5 10.Bg3 Be7 11.Nbd2 O-O 12.Qe2 Na5 13.Bc2 Rb8 
14.Qe3 b4 15.Ba4 bxc3 16.bxc3 Bxf3 17.Nxf3 Nh5 18.Bh2 Qb6 19.Qc1 Qb2 20.Qxb2 
Rxb2 {Nach dem Damentausch ist die Stellung ausgeglichen. Nur der schwarze
Eindringling auf b2 ist lästig - also:} 21.Rfb1 Rfb8 22.Bb3 Rxb1+ 23.Rxb1 Nxb3 
24.Nd2 g6 25.Nc4 Kf8 26.Rxb3 Rxb3 27.axb3 {(0.00)} 27...Nf4 $6 {(-0.06)} ( 
27...f5 {.} ) 28.Bxf4 exf4 29.Nb6 Bf6 30.Nd7+ ( 30.Nd5 $1 ) 30...Ke7 31.Nxf6 
Kxf6 $10 32.Kf1 Ke5 33.Ke2 f5 34.exf5 Kxf5 35.Kf3 g5 36.Ke2 h5 37.Kf3 g4+ 
38.hxg4+ hxg4+ 39.Ke2 d5 40.Kd2 d4 $2 {Leider ein Fehler und es ist der einzige
Zug, der verliert. Aber das muss man erst einmal sehen können! Erneut heißt es -
auch in dieser gehobenen Spielklasse: Bis zum technischen Ende durchspielen!} 
41.cxd4 {(+0.75)} 41...cxd4 {(+0.24)} 42.Kc2 $1 {(+1.03) Schwarz ist in Zugzwang
- und jeder Zug verliert.} 42...Ke5 {(-0.84)} 43.b4 g3 44.f3 $1 {Nur dieser Zug
gewinnt.} 44...Kd6 {(-4.81)} 45.Kb3 {(+2.69)} 45...Kc6 {(-5.15)} 46.Kc4 Kb6 
47.Kxd4 Kb5 48.Kc3 Kc6 49.Kc4 Kb6 50.d4 Kc6 51.d5+ Kd7 52.Kc5 Kc7 53.d6+ Kd7 
54.Kd5 Kd8 55.Kc6 Ke8 {(-11.8)} 56.Kc7 {(+12.6)} 1-0

[Event "Treppenturnier 2023-2025"]
[Site "Turnierstufe"]
[Date "2025.01.08"]
[Round "54-3"]
[White "Berlin Pro "]
[Black "Reflection II max Almeria"]
[Result "1/2-1/2"]
[WhiteElo "2277"]
[BlackElo "2319"]
[PlyCount "165"]

1.e4 Nf6 2.e5 Nd5 3.d4 d6 4.c4 Nb6 5.exd6 cxd6 6.Nf3 g6 7.h3 Bg7 8.Be2 O-O 
9.Be3 Nc6 10.O-O Bf5 11.Nc3 d5 12.c5 Nc4 13.Bxc4 dxc4 14.Qa4 e5 15.Rfd1 Nxd4 
16.Nxd4 exd4 17.Bxd4 Bxd4 18.Qxc4 {Buchende.} 18...Bxf2+ $10 {Buchende.} 
19.Kxf2 Qg5 20.Nd5 Be6 21.Qf4 Qxf4+ 22.Nxf4 g5 ( {Warum nicht} 22...Bf5 {?} ) 
23.Nxe6 fxe6+ {Und blitzschnell sind die Zwei wieder im Endspiel. Überraschend,
dass Almeria sich freiwillig einen vereinzelten (wenn auch Frei-)Bauern
verpassen lässt.} 24.Ke3 Rf7 25.Rd6 Re8 26.Rad1 Ree7 27.R1d3 Rf5 28.b4 a5 29.a3 
axb4 30.axb4 Kg7 31.Rd7 Kf8 32.R3d6 {Berlin Pro ist am Drücker.} 32...Rff7 
33.Rd8+ Kg7 34.b5 Kf6 35.b6 Ke5 36.c6 bxc6 37.Rxc6 {(+0.81)} 37...Rb7 {(-0.51)} 
38.Rdd6 Rfe7 39.Rd4 h6 40.Re4+ Kf6 41.g4 Rb8 42.Kf3 ( {Schwierig für Berlin Pro.
Wie wäre z.B. dieser Versuch?:} 42.Kd4 Ra8 43.Kc5 Ra5+ 44.Kb4 Rd5 45.Kc4 Rdd7 
46.Kb5 Rd5+ 47.Rc5 Rd3 48.Rc7 Re8 49.b7 Rb8 50.Kb6 Rb3+ 51.Ka7 {...} ) 42...Ra8 
43.Re3 Ra2 44.Rb3 Rb7 45.Rbc3 Rb2 46.Re3 {Berlin Pro kommt nicht voran. Es sieht
nach Remis aus.} 46...Re7 47.Rd6 Re8 48.Kg3 Re7 49.h4 Rb1 50.h5 Rg1+ 51.Kh3 
Rh1+ 52.Kg2 Rc1 53.Re4 Rb1 54.Kf3 Rb3+ 55.Ke2 Rc3 56.Kd2 Rc5 57.Ke3 Rc3+ 58.Kd4 
Rc1 59.Re2 Re8 60.Ke3 Rc4 {Rest in je 1 Stunde.} 61.Kf3 Re7 62.Re4 Rc3+ 63.Ke2 
Rc2+ 64.Ke1 Rc1+ 65.Kf2 Rc2+ 66.Kg3 Rc3+ 67.Kg2 {(0.00)} 67...Rc2+ {(0.00)} 
68.Kf3 Rc3+ 69.Re3 Rxe3+ $2 70.Kxe3 {Der Tausch ist fehlerhaft für Schwarz, aber
beide können es nicht sehen.} 70...Ke5 ( 70...Rb7 71.Kd4 Rb8 72.Rc6 Rb7 73.Kc5 
Rb8 74.Rc7 e5 75.Rc6+ Ke7 76.Kd5 e4 77.Kxe4 Kd7 78.Kd5 Rb7 79.Rxh6 {...} ) 
71.Rd8 $2 ( 71.Rd4 Rb7 72.Rb4 Kd6 73.Kd4 e5+ 74.Ke4 Rf7 75.Rb2 Rb7 76.Rb1 Ke6 
77.Rb5 Kd6 78.Kf5 {...} ) 71...Rb7 72.Rh8 Rxb6 {Der gefährliche Bauer ist weg,
nun wird's ein Remis.} 73.Rxh6 Rb3+ 74.Kf2 Kf4 {Und Weiß muss noch aufpassen.} 
75.Rxe6 Rb2+ 76.Kf1 Kxg4 77.Rh6 Rh2 78.Rh7 Rxh5 79.Rxh5 Kxh5 80.Kg1 Kh4 81.Kh2 
Kg4 82.Kg2 Kf4 83.Kf2 {Das Spiel kennen sie ... Remis.} 1/2-1/2

[Event "Treppenturnier 2023-2025"]
[Site "Turnierstufe"]
[Date "2025.01.10"]
[Round "54-4"]
[White "Reflection II max Almeria"]
[Black "Berlin Pro"]
[Result "1/2-1/2"]
[WhiteElo "2318"]
[BlackElo "2278"]
[PlyCount "81"]

1.c4 e5 2.Nc3 Nf6 3.Nf3 Nc6 4.e3 Be7 5.d4 exd4 6.Nxd4 O-O {Buchende.} 7.Bd3 
{Buchende.} 7...Ne5 8.O-O d5 9.cxd5 Nxd3 10.Qxd3 Nxd5 11.Nf5 Nxc3 12.Nxe7+ Qxe7 
13.Qxc3 Rd8 14.b3 c6 15.Bb2 f6 16.Rfd1 Bg4 17.Rd4 Rxd4 18.Qxd4 Qd7 19.Qxd7 Bxd7 
20.Rd1 Be6 $10 {Es ist nichts los.} 21.e4 Re8 22.Bc3 c5 23.f3 Rc8 24.Rd2 c4 
25.bxc4 Rxc4 26.Bb2 Rb4 27.a3 Rb3 28.Bc1 Kf7 29.Rb2 Rxb2 30.Bxb2 {Was soll jetzt
noch passieren? Besser abwarten ...} 30...Kg6 31.e5 b6 32.Kf2 h5 33.exf6 gxf6 
34.Kg3 Kg5 35.Bc1+ Kg6 36.Be3 Bc4 37.Kf4 f5 38.g4 hxg4 39.fxg4 fxg4 40.Kxg4 
Be6+ 41.Kf4 {und Abbruch. Da kann nichts mehr anbrennen.} 1/2-1/2